Del prestigio a la gestión : poder y liderazgo en las mujeres del campo /

Hasta no hace más de tres décadas, lo que caracterizó a vida campesina fue, por un lado, el peso de la cultura patriarcal propia de las sociedades campesinas y, por otro, un fuerte dominio de las estructuras de poder hacendales. Estas formas de dominación se mantuvieron además por largos siglos, pue...

Full description

Bibliographic Details
Main Author: Valdés S., Ximena 1946-
Format: Analitica de revista
Language:Spanish
Published: Santiago, Chile SUR 1993
Subjects:

MARC

LEADER 00000cab a2200000 a 4500
001 037710
003 UAHC_CL
005 20171123174552.0
008 140120s1993 cl 000 spa
952 |0 0  |1 0  |4 0  |6 PROPOSICIONES_22_93_000000000000000  |7 0  |8 COMP  |9 71726  |a BC  |b BC  |c COMP  |d 2017-08-03  |l 0  |o PROPOSICIONES-22/93  |r 2017-08-03 00:00:00  |t 1  |w 2017-08-03  |y REVA 
999 |c 37710  |d 37710 
040 |a UAHC_CL  |c UAHC_CL  |d UAHC_CL 
100 1 |a Valdés S., Ximena  |d 1946- 
245 1 0 |a Del prestigio a la gestión :  |b poder y liderazgo en las mujeres del campo /  |c Ximena Valdés S. 
260 |b SUR  |c 1993  |a Santiago, Chile 
300 |a pp. 241-248 
310 |a Anual. 
362 0 |a Año 1, no. 1 (nov. 2002)- . 
362 0 |a Año 1, no. 1 (nov. 2002)- . 
500 |a En: Proposiciones. no. 22, 1993. pp. 241-248. ISSN. 956208051X. 
520 |a Hasta no hace más de tres décadas, lo que caracterizó a vida campesina fue, por un lado, el peso de la cultura patriarcal propia de las sociedades campesinas y, por otro, un fuerte dominio de las estructuras de poder hacendales. Estas formas de dominación se mantuvieron además por largos siglos, puesto que sólo con la reforma agraria de los sesentas se inició la democratización de la sociedad rural. 
650 4 |a CAMPESINAS  |z CHILE 
900 |a PROPOSICIONES-22/93 
942 |c REVA  |2 ddc